00202nam a2200073Ia 4500082001200000245002500012100005000037008004100087 aAF GRIE 0aMarykie se tuiskoms  a GRIESSEL, Nita Pretoria, 2007 1ste druk 210817s9999 xx 000 0 und d